Friends en 100 clics/ Chandler, Joey, Monica, Phoebe, Rachel ou Ross ? - Statistiques

Statistiques générales
  • Ce quiz a été pris 1 738 fois
  • Le résultat moyen est 71 sur 100
Statistiques - réponses
Hint Réponse % Correct
Qui a une sœur jumelle nommé Ursula ? Phoebe
85%
Qui épouse Ross lors d'une cuite à Las Vegas ? Rachel
85%
Qui a pour seconde femme Emily Waltham ? Ross
85%
Qui adopte un singe prénommé Marcel ? Ross
85%
Qui a un troisième téton ? Chandler
84%
Qui essaye d'arrêter de fumer grâce à une cassette d'hypnose ? Chandler
84%
Qui a une relation avec Richard Burke ? Monica
84%
Qui a vécu dans la rue après le suicide de sa mère et que son père s'est enfui ? Phoebe
84%
Qui trouve un chat le prenant pour la réincarnation de sa mère adoptive, mais finit par accepter de le rendre à la petite fille qui l’a perdu Phoebe
84%
Qui est persuadé(e) qu'une de ses clientes décédées habite momentanément son corps ? Phoebe
84%
Qui a beaucoup trop chaud dans son pantalon en cuir et va se rafraîchir dans la salle de bain. Puis en sort avec son pantalon roulé en boule dans ses mains et les jambes couvertes de crème et de talc ? Ross
84%
Qui tente de manger la dinde tout seul lors d'un repas de Thanksgiving ? Joey
83%
Qui tombe sur son jumeau de main (selon ses termes) dans un casino à Las Vegas ? Joey
83%
Qui se met à préparer des bonbons spéciaux pour le voisinage, mais ils sont si bons que ses voisins ont failli enfoncer sa porte pour en redemander ? Monica
83%
Qui a un frère nommé Frank Jr ? Phoebe
83%
Qui invite son assistant Tag lors d'un Thanksgiving ? Rachel
83%
Qui se fait appeler « Tobby » par Bob - un de ses collègues - et n’ose pas lui dire que ce n'est pas son vrai prénom ? Chandler
82%
Qui accepte sans le savoir une mutation à Tulsa ? Chandler
82%
Qui se laisse enfermer dans le meuble par un faux acheteur, qui cambriole l’appartement, emportant tout à l'exception dudit meuble ? Joey
82%
Qui veut récupérer son pingouin en peluche tombé entre les mains d'Emma ? Joey
82%
Qui se fait piquer par une méduse sur une plage ? Monica
82%
Qui sort avec une très jolie paléontologue Cheryl, qui s’avère être souillon et très désordonnée ? Ross
82%
Qui hérite d’une fourrure, d’abord horrifié(e), puis ravi(e) ? Phoebe
81%
Qui a une soeur nommé Amy ? Rachel
81%
Qui s'est outrageusement blanchi les dents avant un rendez-vous galant ? Ross
81%
Qui a un patron qui tape sur les fesses de ses employés pour exprimer sa satisfaction ? Chandler
80%
Qui essaye de faire apprendre l'espagnol (le français dans la VO) à Joey pour une audition ? Phoebe
80%
Qui propose à Joey de l'habiller et lui ajoute une besace ressemblant beaucoup à un sac à main ? Rachel
80%
Sur qui Ross dessine une moustache et une barbe durant un vol ? Rachel
80%
Qui est abattu quand il ou elle apprend que son prénom est pour un des triplés de Phoebe ? Chandler
79%
Qui ne sait pas sourire lorsqu’il ou elle se retrouve devant un objectif ? Chandler
79%
Qui se trouve coincé dans le vestibule d’un distributeur automatique de billets avec Jill Goodacre, une célèbre mannequin ? Chandler
79%
Qui a un placard secret où se trouve un amoncellement d'objets placés de façon anarchique ? Monica
79%
Qui est mis(e) à l'écart par sa patronne et une autre assistante car il ou elle ne fume pas, se décidant donc de fumer pour avoir une chance d'avoir une promotion ? Rachel
79%
Qui essaie d'apprendre à Joey à naviguer en bateau, mais se montre très autoritaire ? Rachel
79%
Qui pique une crise durant son travail à la suite du vol de son sandwich préféré et se voit mis en congé sabbatique pour apprendre à dominer sa colère ? Ross
79%
Qui s'invente une mutation au Yémen pour fuir quelqu'un mais n'arrive pas a lui échapper à l'aéroport et part contre son gré au Yémen ? Chandler
78%
Qui a une relation avec un policier nommé Gary ? Phoebe
78%
Qui a une relation avec Julie ? Ross
78%
Qui avoue qu'il ou elle n'a jamais pleuré depuis son enfance ? (ce que ses amis ne comprennent pas) Chandler
77%
Qui trouve les clés d'une Porsche et fait croire qu'elle est à lui ou elle ? Joey
77%
Qui participe au jeu TV Pyramide ? Joey
77%
Qui, faute d'argent face à un démarcheur d'encyclopédie, n'achete qu’un tome, celui de la lettre « V » ? Joey
77%
Qui ne sait pas comment dire à Phoebe qu'il ou elle lui fait honte en courant lors d'un jogging ? Rachel
77%
Qui a une relation avec Bonnie, une jeune femme un peu excentrique qui se rase parfois le crâne ? Ross
77%
Qui sort avec Joanna, la patronne de Rachel ? Chandler
76%
Qui est chargé de vaporiser de parfum les clients d'un grand magasin mais trouve un sérieux concurrent sur son territoire ? Joey
76%
Qui confond la coupe de Demi Moore avec celle de Dudley Moore en coupant les cheveux de Monica ? Phoebe
76%
Qui se déguise en princesse Leia ? Rachel
76%
Qui finit à l’hôpital car il ou elle reçoit un palet dans le nez lors d'un match de hockey ? Ross
75%
Qui a pour ancienne camarade d'école Suzie Moss jouée par Julia Roberts à qui il ou elle n'arrêtait pas de soulever la jupe ? Chandler
74%
Qui garde Ben et lui apprend des blagues, ce que Ross n'apprécie pas ? Rachel
74%
Qui propose au groupe de faire un Strip Poker lorsqu'ils sont à Montauk, au bord de l'océan ? Joey
73%
Qui sort avec une fille qui lui donne des coups de poing lorsqu'elle est contente ? Joey
73%
Qui travaille comme guide au musée où travaille Ross et est déçu quand il constate que les scientifiques, dont Ross, ne se mélangent pas avec le reste du personnel au déjeuner ? Joey
73%
Qui se dispute avec Ross au sujet de la théorie de l'évolution le poussant à se démèner à l'aide de poupées puis de fossiles, pour lui démontrer qu'il ou elle a tort ? Phoebe
73%
Qui a deux fêtes d’anniversaire qui sont organisées en même temps séparées par le couloir de l'immeuble ? Rachel
73%
Qui va aux urgences pour se faire soigner après une chute mais n'ayant pas de couverture sociale se fait passer pour Monica pour ne pas avoir à payer les soins ? Rachel
73%
Qui devient contre son gré le partenaire de danse de Treeger, le concierge ? Joey
72%
Qui accompagne Chandler au club de gymnastique afin de l’aider à résilier son abonnement... et se retrouve avec un abonnement pour lui ou elle ? Ross
71%
Qui est longtemps mis(e) à l'écart à cause de son niveau lors de la partie de football américain à 6 de Thanksgiving ? Rachel
70%
Qui accompagne Chandler à une réunion de son travail et est gêné par le rire de Chandler ? Monica
69%
Qui se rend compte qu'il ou elle a agressé Ross quand ils avaient 15 ans ? Phoebe
69%
A la Barbade, qui joue au ping-pong pendant de longues heures avec Mike Monica
68%
Qui se bat contre son détecteur d'incendie ? Phoebe
68%
Qui se fait voler sa carte bancaire et décide de rencontrer la voleuse, finissant ami(e)s et faisant la fête ensemble Monica
66%
Qui se rend compte que Bob le Marrant n'est pas si marrant que ça quand il n'a pas bu ? Monica
66%
Qui n'aime pas le lait maternel et est horrifié lorsque deux autres le goûtent ? Ross
66%
Qui a brièvement pour colocataire Eddie Minowick ? Chandler
65%
Qui accepte de passer Thanksgiving dans une caisse pour prouver son amitié ? Chandler
65%
Qui a perdu les appareils photo jetables à la fin d'un mariage (celui de Chandler et Monica) et décide avec Ross de prendre des photos du mariage suivant ? Chandler
65%
Qui se fait voler sa casquette par une des deux brutes qui ne veulent pas laisser le canapé du Central Perk ? Chandler
65%
Qui a une irritation à l'œil mais refuse de l'admettre car il ou elle a peur de tout ce qui touche à ses yeux ? Rachel
65%
Qui met Isabella Rossellini sur sa "sex list", puis la retire avant de croiser l'actrice au Central Perk un peu plus tard Ross
65%
Qui fait exprès de perdre lors d'une partie de poker, refusant de montrer ses cartes aux autres après le coup ? Ross
65%
A qui la belle Janine propose t elle d'être son partenaire de danse pour l'enregistrement du show télé « Dick Clark's New Year's Rockin' Eve » Joey
64%
Qui sort avec Ethan qui lui avoue qu’il est lycéen et non un étudiant ? Monica
64%
Qui sort avec un diplomate qui ne parle pas anglais et a besoin de son interprète en permanence ? Phoebe
64%
Qui, guéri(e) d’un rhume qui lui donnait une voix sexy, embrasse Gunther pour être à nouveau malade ? Phoebe
63%
Qui la mère de Chandler embrasse t-elle lors d’un dîner un peu arrosé ? Ross
63%
Qui apprend que Ben est dans la même classe que le fils de Sting et demande à Ross de lui avoir des billets ? Phoebe
62%
Qui remplace la secrétaire de Chandler et lui apprend que ses collègues ne l’aiment plus beaucoup depuis qu’il a obtenu sa promotion ? Phoebe
62%
Qui est allergique aux kiwis ? Ross
62%
Qui a une relation avec Timothy Burke ? Monica
61%
Qui sort avec un psychiatre du nom de Roger qui a la fâcheuse manie d'analyser tout le monde et réussit à se faire détester de tous ? Phoebe
61%
Lors d'un réveillon où toute la bande s'était promis de venir en célibataire, qui vient avec une mère célibataire et ses deux enfants ? Joey
60%
Qui sort avec un ami de lycée, Chip Matthews, qui s'avère ne pas avoir évolué depuis l'époque ? Monica
60%
Qui achète un matelas chez "le roi du matelas" mais se fait livrer par erreur un lit en forme de voiture de course ? Monica
60%
Qui achète d'autres billets de son côté lorsque la bande décide d'acheter en commun des billets de loterie ? Monica
59%
Qui voit par mégarde les seins de Rachel alors que celle-ci sort de la douche ? Chandler
58%
Qui embauche Joey et le licencie afin de prouver son autorité ? Monica
57%
Qui surprend par erreur Monica sous la douche ? Joey
56%
Qui passe une soirée avec Mike mais ils n’ont rien à se dire ? Ross
55%
A qui Monica voulait elle rendre visite sous la douche et y trouva son père à la place ? Joey
53%
Qui surprend par erreur Joey sous la douche ? Rachel
52%
Qui se dévoue pour uriner sur le personnage piqué par une méduse sur une plage en suivant les conseils d'un autre ? Chandler
51%
Qui contrarie Phoebe en lui disant qu’elle serait incapable d’avoir une relation sérieuse et gaffe sur ce sujet en parlant de ça à Mike ? Ross
40%
Qui joue en bourse et perd tout son argent et finit par accepter de reprendre enfin un travail même si celui-ci n'est pas à sa hauteur ? Monica
39%
Qui a eu un de ses anniversaires comme contexte d'une grosse querelle à propos des possibilités financières de chacun et du train de vie élevé qu'imposent Monica, Chandler et Ross aux 3 autres ? Ross
29%
Qui casse la poignée du radiateur dans l'appartement de Monica et personne n'arrive à le réparer. (Il fait 40° dans l'appartement des filles alors que c'est la période de Noël) ? Ross
27%
Aucun quiz correspondant
Distribution des résultats
% des personnes avec chaque résultat
Percentile par nombre de réponses
Votre historique - résultats
Vous n’avez pas pris ce quiz